City of Hull, Anlaby Road (Record no. 116493)

MARC details
000 -LEADER
fixed length control field 00955cam a22001935a 4500
001 - CONTROL NUMBER
control field L140823
008 - FIXED-LENGTH DATA ELEMENTS--GENERAL INFORMATION
fixed length control field 071015s1937 xxk eng u
035 ## - SYSTEM CONTROL NUMBER
System control number (Sirsi) u140823
041 0# - LANGUAGE CODE
Language code of text/sound track or separate title eng
110 2# - MAIN ENTRY--CORPORATE NAME
Corporate name or jurisdiction name as entry element B. L. Wells and Son
9 (RLIN) 5387
245 00 - TITLE STATEMENT
Title City of Hull, Anlaby Road
Remainder of title particulars and plans of the very important and extensive central freehold building site together with four shops and six dwellinghouses known as 'The Trinity Almshouses' nos. 7-12 (inclusive) Trinity Square and nos. 1, 3, 5 and 7 Anlaby Road...B. L. Wells and Son, F.A.I. will offer the above for sale by auction (as a whole or in two lots) at their Victoria Mart, Manor Street, Hull on Wednesday 22 September 1937...
260 ## - PUBLICATION, DISTRIBUTION, ETC.
Place of publication, distribution, etc. S.l.
Name of publisher, distributor, etc. s.n.
Date of publication, distribution, etc. 1937
300 ## - PHYSICAL DESCRIPTION
Extent [12] p.
Other physical details ill., maps, col.
Dimensions 26 cm.
340 ## - PHYSICAL MEDIUM
Material base and configuration Printed
351 ## - ORGANIZATION AND ARRANGEMENT OF MATERIALS
Hierarchical level Single item
651 4# - SUBJECT ADDED ENTRY--GEOGRAPHIC NAME
Geographic name Hull
690 ## - LOCAL SUBJECT ADDED ENTRY--TOPICAL TERM (OCLC, RLIN)
Topical term or geographic name as entry element PROPERTY-PROPERTY ACQUISITION AND DISPOSAL-ACQUISITION AND DISPOSAL AT AUCTION
942 ## - ADDED ENTRY ELEMENTS (KOHA)
Suppress in OPAC 0
Holdings
Withdrawn status Lost status Source of classification or shelving scheme Damaged status Not for loan Home library Current library Shelving location Date acquired Total Checkouts Full call number Barcode Date last seen Copy number Price effective from Koha item type
    Dewey Decimal Classification     London London Basement 15/10/2007   BASEMENT BOX 2 30013206 06/08/2019 1 06/08/2019 Archive